| 000 | 00716nam a2200205 a 4500 | ||
|---|---|---|---|
| 082 | 0 | 0 |
_a629.13634 _bAER _cL-14, P-122 |
| 245 | 0 | 0 | _aAerodrome design manual. |
| 250 | _a3rd ed. | ||
| 260 |
_aMontreal : _bInternational Civil Aviation Organization, _c<1993- > |
||
| 300 |
_av. <4 > : _bill. ; _c28 cm. |
||
| 500 | _a"Doc 9157-AN/901." | ||
| 500 | _aPrevious ed. entered under International Civil Aviation Organization. | ||
| 505 | 1 | _a pt. 4. Visual aids | |
| 526 |
_a0 _b0 _c0 _d629_136340000000000_AER |
||
| 650 | 0 |
_aAirports _xDesign and construction. _919584 |
|
| 650 | 0 |
_aAirports _xPlanning. _97047 |
|
| 650 | 0 |
_aMCE _9379 |
|
| 710 | 2 |
_aInternational Civil Aviation Organization. _947409 |
|
| 942 |
_2ddc _cBK |
||
| 999 |
_c550668 _d550668 |
||